Prefectures of Japan Quiz Stats

 Plays Quiz Updated Oct 31, 2018

Score 0/47 Timer 10:00
11 Plays Today
% Correct
Tokyo
94.2%
Kyoto
82.8%
Hokkaidō
82.3%
Hiroshima
82%
Osaka
81.2%
Nagasaki
79.7%
Okinawa
75.9%
Chiba
67.8%
Fukushima
66.8%
Aomori
64.4%
Akita
63.4%
Fukuoka
63%
Nagano
62.1%
Nara
61.7%
Miyagi
59.2%
Iwate
58.9%
Niigata
57.3%
Saitama
56.8%
Aichi
56.3%
Gifu
56.2%
Gunma
55.3%
Saga
55%
Mie
55%
Kanagawa
54.9%
% Correct
Yamaguchi
54.5%
Kagoshima
52.9%
Yamagata
52%
Ōita
51.7%
Miyazaki
51.5%
Hyōgo
51.3%
Shizuoka
51.2%
Ibaraki
50.9%
Tottori
50.7%
Ehime
50.4%
Toyama
50.2%
Fukui
50.2%
Kumamoto
49.3%
Tochigi
48.3%
Shiga
47.7%
Kōchi
47.2%
Wakayama
46.9%
Ishikawa
46.7%
Okayama
46%
Yamanashi
45.9%
Kagawa
45.8%
Shimane
43.4%
Tokushima
43%

You're not logged in!

Compare scores with friends on all Sporcle quizzes.
OR
Log In

Sporcle TV

Today on Sporcle TV


Watch our educational content, quiz creation guides, and fun videos on Sporcle TV.

Show Comments

Extras

Top Quizzes Today


Score Distribution

Your Account Isn't Verified!

In order to create a playlist on Sporcle, you need to verify the email address you used during registration. Go to your Sporcle Settings to finish the process.

Report this User

Report this user for behavior that violates our Community Guidelines.

Details: